| 000 | 00349cam a22001097a 4500 | ||
|---|---|---|---|
| 008 | 180718b1956 xxu||||| |||| 00| 0 eng d | ||
| 082 | _aT000x54 P | ||
| 245 |
_aPeople and the plan _cby Ministry Of Information & Broadcasting |
||
| 260 |
_aNew Delhi _bAsian Art Printers _c1956 |
||
| 300 | _a33p. | ||
| 700 | _aIndia. Ministry Of Information & Broadcasting | ||
| 999 |
_c420950 _d420950 |
||